[Lute pieces in tablature.
Saved in:
| Corporate Author: | |
|---|---|
| Format: | Musical Score |
| Published: |
16--]
|
| Subjects: | |
| Tags: |
Add Tag
No Tags, Be the first to tag this record!
|
| LEADER | 00513ndm a2200193 4500 | ||
|---|---|---|---|
| 001 | 007765302-5 | ||
| 005 | 20020606104010.5 | ||
| 008 | 980416s16uu xx zzz| a nn| d | ||
| 035 | 0 | |a ocm39466977 | |
| 040 | |a MH-Mu |c MH-Mu | ||
| 110 | 2 | |a National Library of Ireland. |k Manuscript. |n Z3.2.13. | |
| 245 | 0 | 0 | |a [Lute pieces in tablature. |
| 260 | |c 16--] | ||
| 300 | |a Ms. score ([125] leaves) | ||
| 650 | 0 | |a Lute music |y 16th century. | |
| 650 | 0 | |a Music |x Manuscripts. | |
| 690 | 9 | |a Tablatures. | |
| 988 | |a 20020608 | ||
| 906 | |0 MH | ||


